Zug /

Guardado en:
Formato: Objeto Físico
Publicado: Argentina : Cromática, [201?]
Materias:
Etiquetas: Agregar Etiqueta
Sin Etiquetas, Sea el primero en etiquetar este registro!
LEADER 00783nrm a22001695g 4500
001 CEM.cems019330
008 130507b201?##################0###0#####d
005 20220830155310.0
003 CEMS
245 0 0 |a Zug /  |c Spielen 
260 |a Argentina :  |b Cromática,  |c [201?] 
300 |a 1 juego (1 tablero de puntaje, 90 piezas de cartón, 75 peones plásticos: de a15 amarillos, verdes, azules, negros, rojos) ; en caja 18 x 29 x 7 cm. + manual de instrucciones. 
500 |a Para 2 a 5 jugadores a partir de 10 años objetivo: construir un sistema ferroviario para trasladar el azúcar que producen en sus fábricas a las ciudades. 
082 0 4 |a J794 
653 |a 1. juegos de estrategia 
653 |a 2. juegos de construcción ferroviaria 
859 |a CEMS  |b BIB. CEMS - Ludoteca  |h J794  |i Sp44  |p 385.11  |t Ej.1